| 000 | 00506nam a22001817a 4500 | ||
|---|---|---|---|
| 003 | CEME | ||
| 005 | 20210628203411.0 | ||
| 008 | 210118b xxu||||| |||| 00| 0 eng d | ||
| 020 | _a0-471-39088-7 | ||
| 040 | _cceme | ||
| 082 | _a658 PEL | ||
| 100 |
_a Pelosi, Marilyn K., Sandifer, Theresa M., Sekaran, Uma _965209 |
||
| 245 | _aResearch and evaluation for business | ||
| 260 |
_aUSA _bWILEY _c2001 |
||
| 300 | _aXIII,855P | ||
| 650 |
_aRESEARCH AND EVALUATION FOR BUSINESS _965210 |
||
| 942 |
_cBK _2ddc |
||
| 999 |
_c573492 _d573492 |
||